000 00577nai a2200181Ia 4500
003 IN-BaIIA
008 211028c9999 xx s 000 0 eng d
022 _a0924-6703 (Print)
022 _a1573-7594 (Online)
040 _cIIA Library
245 0 _aDiscrete Event Dynamic Systems
_h[eJournal]
260 _aNew York, USA
_bSpringer US
310 _aQuarterly
362 _a7(1); 1997 - Present
521 _bSubscribed through National Knowledge Resource Consortium (NKRC)
856 _uhttps://www.springer.com/journal/10626
_yClick Here to Access eJournal
942 _cEJ
999 _c34284
_d34284